| 000 | 00751na a2200265 4500 | ||
|---|---|---|---|
| 001 | 15833 | ||
| 003 | MIRAKIL | ||
| 005 | 20181213155101.0 | ||
| 008 | 160924b tu 000 0 | ||
| 022 | _a1309050X | ||
| 035 | _a15833 | ||
| 040 |
_aMilas _btur _cTR-AnCHP |
||
| 082 |
_a323.05 _bİ57 2009 |
||
| 090 | _a323.05 İ57 2009 | ||
| 222 | _aDiyalog | ||
| 245 |
_aDiyalog _bDosya: cezasızlık |
||
| 246 | _aDosya: cezasızlık | ||
| 246 | _aİnsan hakları için diyalog dergisi | ||
| 260 |
_aAnkara _bKapasite Geliştirme Derneği _c2009- |
||
| 300 |
_a168 s. _brnkl. res. _c21 sm. |
||
| 310 |
_a2 aylık _bKasım-Aralık 2009 |
||
| 362 | _aYıl 1, Sayı 3 | ||
| 650 |
_aİnsan hakları _ySüreli yayınlar _zTürkiye |
||
| 942 |
_2ddc _cBKS |
||
| 999 |
_c6262 _d6262 |
||